000 00250nam a2200109Ia 4500
008 190216s9999||||xx |||||||||||||| ||und||
100 _aMalhotra A M & Phull Ds
245 0 _aCat
260 _bBright Careers
_c1999
300 _a460p
942 _cREF
999 _c36428
_d36428